00405 2200157 4500001002100000008004100021035002000062245003900082100001600121260003200137300002200169020002200191084001400213082000800227990001200235INLIS000000000002758 IND  a0010-0925000105 aNak, Panggil Aku AyahcAster Putih aAster Putih aJakartabRumah Oranyec2013 a220c(13 x 19 cm) a978-602-1588-16-1 a813 AST n a813 a0754980